skbl

Dr Suryya Kumar Bhuyan Library Web-OPAC
ডঃ সূৰ্য্য
কুমাৰ ভূঞা পুথিভঁৰাল ৱেব-অ'পেক

All Research Scholars are advised to clear the annual library fees to continue using Library Resources, Remote Access, Plagiarism Test and Library Clearance.

Cotton University Book Fair 2026

Political Sociology (Record no. 40957)

MARC details
000 -LEADER
fixed length control field 00385nam a2200145Ia 4500
001 - CONTROL NUMBER
control field 40987
008 - FIXED-LENGTH DATA ELEMENTS--GENERAL INFORMATION
fixed length control field 230418s ii a g b000 u 903 u
082 ## - DEWEY DECIMAL CLASSIFICATION NUMBER
Classification number 320.31
100 ## - MAIN ENTRY--PERSONAL NAME
Personal name Basu,Pradip,
Relator term Editor.
245 #0 - TITLE STATEMENT
Title Political Sociology
Statement of responsibility, etc. Pradip Basu
Medium Textual Documents
260 ## - PUBLICATION, DISTRIBUTION, ETC.
Place of publication, distribution, etc. Kolkata:
Name of publisher, distributor, etc. Setu Prakashini,
Date of publication, distribution, etc. 2015.
300 ## - PHYSICAL DESCRIPTION
Extent 288p.:
Dimensions 22cm.
653 ## - INDEX TERM--UNCONTROLLED
Uncontrolled term G-POl Sc.
942 ## - ADDED ENTRY ELEMENTS (KOHA)
Source of classification or shelving scheme Dewey Decimal Classification
Koha item type Books
Holdings
Withdrawn status Lost status Damaged status Not for loan Home library Current library Date acquired Source of acquisition Coded location qualifier Total checkouts Full call number Barcode Date last seen Copy number Price effective from Koha item type Public note
        Dr. Suryya Kumar Bhuyan Library Dr. Suryya Kumar Bhuyan Library 01/02/2012 28 00000   320.31 BAS 88146 14/01/2024 1 01/02/2012 Books 28

Designed and Maintained by Team SKBL
©1901-2026

Powered by Koha